[Event "WY U-16 Chess Olympiad 2019"]
[Site "Corum"]
[Date "2019.10.30"]
[Round "2"]
[White "Kolev, Lachezar"]
[Black "Gombocz, Ferenc Jr."]
[Result "1/2-1/2"]
[WhiteElo "1983"]
[BlackElo "2200"]
[Annotator "TA"]
[PlyCount "85"]
[EventDate "2019.10.28"]
[EventType "team-tourn"]
[EventCountry "TUR"]
[SourceTitle "playchess.com"]
[Source "ChessBase"]
[SourceQuality "1"]

1. e4 e5 2. Nf3 Nc6 3. Bc4 d6 4. h3 g6 5. Nc3 Bg7 6. d3 Na5 7. Bb3 Nxb3 8. axb3 Nf6 9. Be3 b6 10. Qd2 O-O 11. Bh6 Re8 12. Bxg7 Kxg7 13. O-O d5 14. Rfe1 d4 15. Ne2 c5 16. Nh2 Ng8 17. f4 f6 18. Rf1 Qe7 19. fxe5 fxe5 20. Nf3 h6 21. Qe1 Nf6 22. g4 Nh7 23. Qg3 a5 24. Rf2 Ra7 25. Raf1 b5 26. Kg2 Qd6 27. g5 h5 28. Nh4 Rg8 29. Kh2 Qe6 30. Ng1 a4 31. Rf6 Nxf6 32. Rxf6 Qe8 33. Rxg6+ Kf8 34. Rf6+ Rf7 35. Ng6+ Kg7 36. Rxf7+ Qxf7 37. Nxe5 Qf1 38. Nef3 Rf8 39. Qe5+ Kg8 40. Qd5+ Kg7 41. Qe5+ Kg8 42. Qd5+ Kg7 43. Qe5+ 1/2-1/2

[Event "WY U-16 Chess Olympiad 2019"]
[Site "Corum"]
[Date "2019.10.30"]
[Round "2"]
[White "Hakobyan, Astghik"]
[Black "Herega, Nejc"]
[Result "1/2-1/2"]
[WhiteElo "1978"]
[BlackElo "1976"]
[Annotator "NA RC"]
[PlyCount "65"]
[EventDate "2019.10.28"]
[EventType "team-tourn"]
[EventCountry "TUR"]
[SourceTitle "playchess.com"]
[Source "ChessBase"]
[SourceQuality "1"]

1. e4 c5 2. Nf3 d6 3. d4 cxd4 4. Nxd4 Nf6 5. Nc3 g6 6. Be3 Bg7 7. f3 O-O 8. Qd2 Nc6 9. O-O-O Nxd4 10. Bxd4 Be6 11. Kb1 Re8 12. Bb5 Bd7 13. Bxd7 Qxd7 14. g4 Rac8 15. h4 Rc4 16. Qe2 Qc6 17. g5 Nh5 18. Bxg7 Kxg7 19. Qd2 Rc8 20. Rh2 Qa6 21. Qc1 e6 22. Rd3 Qb6 23. Ka1 Rd4 24. Rhd2 Rxd3 25. Rxd3 Qf2 26. Qd2 Qxh4 27. Rxd6 Qh1+ 28. Qd1 Qg2 29. Qd4+ Kg8 30. Rd8+ Rxd8 31. Qxd8+ Kg7 32. Qd4+ Kg8 33. Qd8+ 1/2-1/2

[Event "WY U-16 Chess Olympiad 2019"]
[Site "Corum"]
[Date "2019.10.30"]
[Round "2"]
[White "Lee, Care Greene"]
[Black "Chatzieleftheriou, Andreas"]
[Result "1/2-1/2"]
[WhiteElo "1950"]
[BlackElo "2258"]
[Annotator "NA"]
[PlyCount "112"]
[EventDate "2019.10.28"]
[EventType "team-tourn"]
[EventCountry "TUR"]
[SourceTitle "playchess.com"]
[Source "ChessBase"]
[SourceQuality "1"]

1. e4 e6 2. d4 d5 3. Nc3 Bb4 4. e5 c5 5. a3 Bxc3+ 6. bxc3 Qa5 7. Bd2 Qa4 8. Qg4 Kf8 9. Qd1 Ne7 10. Nf3 b6 11. dxc5 bxc5 12. Rb1 Ba6 13. Bd3 Nd7 14. O-O Nc6 15. Bxa6 Qxa6 16. Be3 Ke7 17. Qd3 Qxd3 18. cxd3 Rhb8 19. a4 a6 20. h4 h6 21. Kh2 Kd8 22. Bf4 Rxb1 23. Rxb1 Rb8 24. Rxb8+ Ncxb8 25. Nd2 Nb6 26. a5 Na4 27. Nb3 Nd7 28. c4 Nb2 29. cxd5 exd5 30. Nc1 Ke7 31. Bd2 Nxe5 32. Bc3 Nbxd3 33. Nxd3 Nxd3 34. Bxg7 Nxf2 35. Kg3 Ne4+ 36. Kf4 f6 37. Bxh6 Nd6 38. g4 c4 39. g5 fxg5+ 40. hxg5 d4 41. g6 d3 42. Bg5+ Ke6 43. Ke3 Kd5 44. Bf6 Nf5+ 45. Kd2 Ng3 46. Bc3 Ke6 47. g7 Kf7 48. Ke3 Ne2 49. Be5 Nc1 50. Bc3 Nb3 51. Kf2 Nc5 52. Ke3 Nb3 53. Kf2 Nc1 54. Ke3 Ne2 55. Be5 Nc1 56. Bc3 Nb3 1/2-1/2

[Event "WY U-16 Chess Olympiad 2019"]
[Site "Corum"]
[Date "2019.10.30"]
[Round "2"]
[White "Veljanoski, Andrej"]
[Black "Aydin, Gulenay"]
[Result "1-0"]
[WhiteElo "1936"]
[BlackElo "1918"]
[Annotator "NA RC"]
[PlyCount "99"]
[EventDate "2019.10.28"]
[EventType "team-tourn"]
[EventCountry "TUR"]
[SourceTitle "playchess.com"]
[Source "ChessBase"]
[SourceQuality "1"]

1. e4 e5 2. Nf3 Nc6 3. d4 exd4 4. Nxd4 Bc5 5. Nb3 Bb6 6. Nc3 Nf6 7. Qe2 d6 8. Be3 Qe7 9. O-O-O Be6 10. g3 O-O-O 11. Bxb6 axb6 12. Bg2 Rhe8 13. Rhe1 Bxb3 14. axb3 Qe5 15. Nb5 g5 16. Qc4 Re7 17. Re3 Qc5 18. Qa4 Qb4 19. Qxb4 Nxb4 20. e5 Ng8 21. Bh3+ Kb8 22. exd6 cxd6 23. Rxe7 Nxe7 24. Rxd6 Rxd6 25. Nxd6 f6 26. Ne4 g4 27. Bg2 f5 28. Ng5 h6 29. Ne6 Nbd5 30. Kd2 Kc8 31. Nd4 f4 32. c4 f3 33. Nxf3 gxf3 34. Bh3+ Kc7 35. cxd5 Nxd5 36. Bg4 b5 37. Bxf3 Nb4 38. Kc3 Na2+ 39. Kd4 b6 40. g4 Kd6 41. h4 Ke6 42. Be2 Nc1 43. Bd1 Kf6 44. f4 Kg6 45. Bc2+ Kf6 46. g5+ hxg5 47. hxg5+ Kf7 48. f5 Na2 49. Ke5 Nb4 50. Be4 1-0

[Event "WY U-16 Chess Olympiad 2019"]
[Site "Corum"]
[Date "2019.10.30"]
[Round "2"]
[White "Kara, Gulce Nehir"]
[Black "Jordanov Mihail"]
[Result "1-0"]
[WhiteElo "1925"]
[BlackElo "2080"]
[Annotator "NA RC"]
[PlyCount "85"]
[EventDate "2019.10.28"]
[EventType "team-tourn"]
[EventCountry "TUR"]
[SourceTitle "playchess.com"]
[Source "ChessBase"]
[SourceQuality "1"]

1. e4 e5 2. Nf3 Nc6 3. d4 exd4 4. Bc4 Nf6 5. e5 d5 6. Bb5 Ne4 7. Nxd4 Bd7 8. Bxc6 bxc6 9. O-O Bc5 10. f3 Ng5 11. f4 Ne4 12. Be3 O-O 13. Nd2 Nxd2 14. Qxd2 f6 15. Nb3 Bb6 16. exf6 Qxf6 17. Nc5 Bf5 18. Bd4 Qd6 19. b4 Rae8 20. c3 Be4 21. a4 Qh6 22. a5 Bxc5 23. Bxc5 Rf6 24. Bxa7 Rg6 25. Rf2 Qh4 26. f5 Rg5 27. Be3 Rxf5 28. Rxf5 Bxf5 29. a6 Bc8 30. a7 Bb7 31. Bc5 Ba8 32. Rf1 h6 33. Qd3 Qg5 34. Qf3 Qg6 35. h3 Kh7 36. Qf7 Qe4 37. Bd4 Qg6 38. Qxc7 Re2 39. Rf2 Re1+ 40. Kh2 Re8 41. Bxg7 Kg8 42. Bd4 Qg5 43. Qf7# 1-0

[Event "WY U-16 Chess Olympiad 2019"]
[Site "Corum"]
[Date "2019.10.30"]
[Round "2"]
[White "Baranciuc, Alexandr"]
[Black "Ozenir, Ekin Baris"]
[Result "0-1"]
[WhiteElo "1923"]
[BlackElo "2274"]
[Annotator "TA"]
[PlyCount "62"]
[EventDate "2019.10.28"]
[EventType "team-tourn"]
[EventCountry "TUR"]
[SourceTitle "playchess.com"]
[Source "ChessBase"]
[SourceQuality "1"]

1. e4 c5 2. Nf3 d6 3. Bb5+ Nd7 4. d4 cxd4 5. Qxd4 a6 6. Bxd7+ Bxd7 7. c4 Nf6 8. O-O g6 9. Nc3 Bg7 10. Qd3 O-O 11. Be3 Rc8 12. Rac1 Qa5 13. c5 dxc5 14. e5 Bf5 15. Qc4 Nd7 16. Nd5 Rfe8 17. Qh4 f6 18. Rfd1 Qxa2 19. b4 Qb2 20. Bxc5 e6 21. exf6 Nxf6 22. Ne3 Ne4 23. Ng5 Nxg5 24. Qxg5 Qf6 25. Qg3 Red8 26. Rxd8+ Qxd8 27. Rd1 Qe8 28. Qg5 h6 29. Qh4 g5 30. Qc4 Bg6 31. Qg4 Bh5 0-1

[Event "WY U-16 Chess Olympiad 2019"]
[Site "Corum"]
[Date "2019.10.30"]
[Round "2"]
[White "Anacoglu, Cisel"]
[Black "Velkovski, Kristijan"]
[Result "1-0"]
[WhiteElo "1918"]
[BlackElo "1866"]
[Annotator "NA RC"]
[PlyCount "47"]
[EventDate "2019.10.28"]
[EventType "team-tourn"]
[EventCountry "TUR"]
[SourceTitle "playchess.com"]
[Source "ChessBase"]
[SourceQuality "1"]

1. e4 e5 2. Nf3 Nc6 3. Bb5 a6 4. Ba4 Nf6 5. O-O b5 6. Bb3 Bc5 7. c3 d6 8. d4 Bb6 9. a4 Rb8 10. axb5 axb5 11. Qd3 Bd7 12. Na3 exd4 13. cxd4 O-O 14. e5 Nb4 15. Qb1 Ne8 16. Bg5 Qc8 17. Be7 Bf5 18. Qe1 Nc6 19. Bxf8 Kxf8 20. Qd2 Qd7 21. Qf4 Nxd4 22. Nxd4 Bxd4 23. Qxd4 c5 24. Qf4 1-0

[Event "WY U-16 Chess Olympiad 2019"]
[Site "Corum"]
[Date "2019.10.30"]
[Round "2"]
[White "Singh, Eshwant"]
[Black "Kiripitige, Chathula"]
[Result "1-0"]
[WhiteElo "1910"]
[BlackElo "1665"]
[Annotator "NA RC"]
[PlyCount "55"]
[EventDate "2019.10.28"]
[EventType "team-tourn"]
[EventCountry "TUR"]
[SourceTitle "playchess.com"]
[Source "ChessBase"]
[SourceQuality "1"]

1. d4 Nf6 2. c4 d5 3. Nf3 c6 4. g3 g6 5. Bg2 Bg7 6. Nc3 O-O 7. cxd5 cxd5 8. Ne5 e6 9. O-O Nbd7 10. f4 b6 11. Nb5 Bb7 12. b3 a6 13. Nd6 Qc7 14. Ba3 Nxe5 15. fxe5 Ng4 16. Nxb7 Rfb8 17. Nd6 Ne3 18. Qc1 Qxc1 19. Rfxc1 f6 20. Bh3 fxe5 21. Bxe6+ Kh8 22. dxe5 Rf8 23. Nf7+ Rxf7 24. Bxf7 Bxe5 25. Rab1 Bd4 26. Bb2 Nc2+ 27. Bxd4+ Nxd4 28. Bxd5 1-0

[Event "WY U-16 Chess Olympiad 2019"]
[Site "Corum"]
[Date "2019.10.30"]
[Round "2"]
[White "Mirlan uulu, Syimyk"]
[Black "Tengis, Tsog-Ochir"]
[Result "1/2-1/2"]
[WhiteElo "1899"]
[BlackElo "2111"]
[Annotator "TA"]
[PlyCount "115"]
[EventDate "2019.10.28"]
[EventType "team-tourn"]
[EventCountry "TUR"]
[SourceTitle "playchess.com"]
[Source "ChessBase"]
[SourceQuality "1"]

1. e4 e5 2. Nf3 Nc6 3. Bc4 Bc5 4. c3 Nf6 5. d4 exd4 6. cxd4 Bb4+ 7. Nc3 d5 8. exd5 Nxd5 9. O-O Bxc3 10. bxc3 O-O 11. Qd3 h6 12. Re1 Be6 13. Bd2 Na5 14. Bb3 Nxb3 15. axb3 c6 16. Ne5 Qf6 17. Qf3 Rfd8 18. Qxf6 Nxf6 19. Be3 a5 20. c4 Nd7 21. Nxd7 Rxd7 22. Ra3 b5 23. Rea1 a4 24. bxa4 Bxc4 25. axb5 Rxa3 26. Rxa3 cxb5 27. Ra8+ Kh7 28. Rb8 Kg6 29. Rb6+ f6 30. h3 Kf5 31. f3 Ra7 32. d5 Ra1+ 33. Kf2 Ra2+ 34. Kg1 Ra1+ 35. Kh2 Rd1 36. d6 Rd5 37. Bc1 Rd3 38. Kg3 Ke6 39. Kf2 Rxd6 40. Rxd6+ Kxd6 41. Ba3+ Kd5 42. Bf8 g5 43. Bxh6 b4 44. Bg7 Ke5 45. Bf8 b3 46. Ba3 f5 47. Bb2+ Kd5 48. g3 f4 49. gxf4 gxf4 50. h4 Bd3 51. h5 Kc4 52. h6 Bh7 53. Ke2 Kb4 54. Kd2 Kc4 55. Ke2 Kb4 56. Kd2 Kc4 57. Ke2 Kb4 58. Kd2 1/2-1/2

[Event "WY U-16 Chess Olympiad 2019"]
[Site "Corum"]
[Date "2019.10.30"]
[Round "2"]
[White "Kenbeilov, Timur"]
[Black "Miletic, Vuk"]
[Result "0-1"]
[WhiteElo "1844"]
[BlackElo "2105"]
[Annotator "TA"]
[PlyCount "98"]
[EventDate "2019.10.28"]
[EventType "team-tourn"]
[EventCountry "TUR"]
[SourceTitle "playchess.com"]
[Source "ChessBase"]
[SourceQuality "1"]

1. d4 Nf6 2. c4 e6 3. g3 Bb4+ 4. Nd2 O-O 5. Bg2 d5 6. Ngf3 Nc6 7. O-O Bxd2 8. Bxd2 dxc4 9. Qc2 Nxd4 10. Nxd4 Qxd4 11. Bb4 Re8 12. Rfd1 Qb6 13. Qxc4 e5 14. Rac1 Be6 15. Qc3 c6 16. Bc5 Qb5 17. a3 Bd5 18. f3 Qxe2 19. Re1 Qb5 20. Rxe5 Rxe5 21. Qxe5 Re8 22. Qc3 a6 23. Bd4 Qb3 24. Bxf6 gxf6 25. Qxb3 Bxb3 26. Kf2 Bd5 27. Bh3 a5 28. Rc5 b6 29. Rc3 Re7 30. Bf5 h6 31. b4 axb4 32. axb4 Ra7 33. Ke3 Ra4 34. Bd7 Rxb4 35. Bxc6 Rb3 36. Rxb3 Bxb3 37. Kd4 Kf8 38. Kc3 Bd1 39. Kb4 Be2 40. f4 Ke7 41. Bb5 Bf3 42. Bc4 Bc6 43. Bb5 Kd6 44. Bxc6 Kxc6 45. Kc4 f5 46. Kd4 f6 47. Kc4 b5+ 48. Kd4 h5 49. h4 Kd6 0-1

[Event "WY U-16 Chess Olympiad 2019"]
[Site "Corum"]
[Date "2019.10.30"]
[Round "2"]
[White "Amin-Erdene Burmaa"]
[Black "Zholdoshmamatov, Adilet"]
[Result "1-0"]
[WhiteElo "1793"]
[BlackElo "1682"]
[Annotator "NA RC"]
[PlyCount "71"]
[EventDate "2019.10.28"]
[EventType "team-tourn"]
[EventCountry "TUR"]
[SourceTitle "playchess.com"]
[Source "ChessBase"]
[SourceQuality "1"]

1. e4 c5 2. Nf3 Nc6 3. d4 cxd4 4. Nxd4 e5 5. Nb5 a6 6. Nd6+ Bxd6 7. Qxd6 Qe7 8. Qxe7+ Ngxe7 9. Nc3 d5 10. a3 dxe4 11. Nxe4 O-O 12. Be3 b5 13. O-O-O f5 14. Nd6 Be6 15. f3 Nd5 16. Bc5 Nd4 17. Bxd4 exd4 18. Rxd4 Ra7 19. c4 Rd8 20. Nxb5 axb5 21. cxd5 Rc7+ 22. Kd2 Rcd7 23. Bxb5 Rxd5 24. Rxd5 Rxd5+ 25. Bd3 f4 26. Rc1 Rg5 27. Bf1 Rd5+ 28. Ke1 Re5+ 29. Kf2 Kf7 30. Bc4 g5 31. Bxe6+ Kxe6 32. Re1 Rxe1 33. Kxe1 Kd5 34. Kd2 h5 35. Kd3 g4 36. h4 1-0

[Event "WY U-16 Chess Olympiad 2019"]
[Site "Corum"]
[Date "2019.10.30"]
[Round "2"]
[White "Annageldiyev, Azatgeldi"]
[Black "Ajay Karthikeyan"]
[Result "0-1"]
[WhiteElo "1790"]
[BlackElo "2214"]
[Annotator "TA"]
[PlyCount "99"]
[EventDate "2019.10.28"]
[EventType "team-tourn"]
[EventCountry "TUR"]
[SourceTitle "playchess.com"]
[Source "ChessBase"]
[SourceQuality "1"]

1. Nf3 Nf6 2. d4 g6 3. Bf4 Bg7 4. e3 O-O 5. Nbd2 d6 6. c3 Nbd7 7. Bc4 b6 8. Qc2 Bb7 9. h4 e5 10. dxe5 dxe5 11. Nxe5 Nxe5 12. Bxe5 Bxg2 13. Rg1 Bd5 14. O-O-O Bxc4 15. Nxc4 Qe7 16. f4 Qe6 17. Qb3 Ne4 18. Bxg7 Kxg7 19. Ne5 Qh3 20. Rge1 Qxh4 21. Qc4 Nc5 22. Rh1 Qe7 23. b4 f6 24. Nc6 Qxe3+ 25. Kc2 Qf3 26. Qd5 Ne4 27. Qd7+ Rf7 28. Qd4 Ng3 29. Rhg1 Nf5 30. Qd3 Ne3+ 31. Kb3 Qxc6 32. Qxe3 a5 33. f5 axb4 34. fxg6 Qa4+ 35. Kb2 Qxa2+ 36. Kc1 Qa1+ 37. Kc2 Ra2+ 38. Kb3 Rb2+ 39. Kc4 Qa6+ 40. Kd4 Rd7+ 41. Ke4 Rxd1 42. gxh7+ Rxg1 43. Qh6+ Kxh6 44. h8=Q+ Kg5 45. Qg7+ Kh4 46. Qh6+ Kg3 47. Qf4+ Kh3 48. Qf3+ Rg3 49. Qf1+ Qxf1 50. Kd4 0-1

[Event "WY U-16 Chess Olympiad 2019"]
[Site "Corum"]
[Date "2019.10.30"]
[Round "2"]
[White "Altundal, Arda"]
[Black "Bester, Carla"]
[Result "1-0"]
[WhiteElo "1776"]
[BlackElo "1260"]
[Annotator "NA RC"]
[PlyCount "93"]
[EventDate "2019.10.28"]
[EventType "team-tourn"]
[EventCountry "TUR"]
[SourceTitle "playchess.com"]
[Source "ChessBase"]
[SourceQuality "1"]

1. e4 c5 2. Nf3 Nc6 3. Bb5 g6 4. O-O Bg7 5. Nc3 a6 6. Bxc6 dxc6 7. d3 Nf6 8. Be3 Nd7 9. Nd2 b6 10. f4 Nf6 11. f5 O-O 12. Qe2 Bd7 13. Rf2 Qe8 14. Raf1 e6 15. e5 Ng4 16. Qxg4 exf5 17. Qf3 Qxe5 18. Bf4 Qe7 19. Re2 Qd8 20. Qg3 b5 21. Be5 Bh6 22. Nb3 b4 23. Na4 Re8 24. Rfe1 Bg5 25. Bc7 Qf6 26. Rxe8+ Rxe8 27. Rxe8+ Bxe8 28. Qe5 Qxe5 29. Bxe5 c4 30. dxc4 f6 31. Bd6 Bf7 32. Na5 Bd2 33. Nc5 Bc1 34. b3 Bb2 35. Nxc6 Bc3 36. Nxa6 g5 37. Bxb4 Bxb4 38. Naxb4 f4 39. a4 Kg7 40. a5 Kh6 41. a6 Kh5 42. a7 Kh4 43. a8=Q h5 44. Qc8 g4 45. Qf5 g3 46. h3 f3 47. Qf4# 1-0

[Event "WY U-16 Chess Olympiad 2019"]
[Site "Corum"]
[Date "2019.10.30"]
[Round "2"]
[White "Laohawirapap, Prin"]
[Black "Felix, Ethon"]
[Result "1/2-1/2"]
[WhiteElo "1774"]
[BlackElo "1675"]
[Annotator "NA RC"]
[PlyCount "137"]
[EventDate "2019.10.28"]
[EventType "team-tourn"]
[EventCountry "TUR"]
[SourceTitle "playchess.com"]
[Source "ChessBase"]
[SourceQuality "1"]

1. e4 Nf6 2. e5 Nd5 3. Nc3 Nxc3 4. dxc3 d6 5. Bc4 Nc6 6. Nf3 e6 7. Bf4 d5 8. Bd3 h6 9. h4 Be7 10. Qd2 a6 11. h5 Bd7 12. g4 b5 13. O-O-O Na5 14. g5 Bf8 15. Rdg1 Nc4 16. Qe2 c6 17. g6 f5 18. exf6 Qxf6 19. Bg3 Ba3 20. Bxc4 Qxc3 21. Be5 Bxb2+ 22. Kb1 Qb4 23. Bxb2 bxc4 24. Qe5 Rg8 25. Kc1 a5 26. Re1 a4 27. a3 Qb7 28. Nd4 O-O-O 29. Qd6 Rge8 30. Re5 Qc7 31. Qxc7+ Kxc7 32. Rhe1 Kd6 33. Ne2 c5 34. Nf4 d4 35. c3 d3 36. Kd2 Rb8 37. Bc1 Rb1 38. R5e4 e5 39. Rxc4 exf4 40. Rxe8 Bxe8 41. Rxf4 Ke5 42. Kxd3 Bb5+ 43. c4 Rxc1 44. Re4+ Kf5 45. cxb5 Rd1+ 46. Ke2 Rb1 47. Rxa4 Rxb5 48. Kd3 Kg5 49. Kc4 Rb2 50. Kxc5 Kxh5 51. Ra6 Rxf2 52. a4 Rf5+ 53. Kd4 Rf4+ 54. Ke5 Rb4 55. Kf5 Rb1 56. a5 Rb5+ 57. Kf4 Rb4+ 58. Ke5 Rb5+ 59. Kd4 Kg5 60. Kc4 Rf5 61. Ra8 Kxg6 62. a6 Ra5 63. Kb4 Ra1 64. Kb5 Rb1+ 65. Kc6 Ra1 66. a7 h5 67. Kb7 Rb1+ 68. Kc6 Ra1 69. Kb7 1/2-1/2

[Event "WY U-16 Chess Olympiad 2019"]
[Site "Corum"]
[Date "2019.10.30"]
[Round "2"]
[White "Ameer, Dhafer Abdulameer"]
[Black "Haile, Batel Goitom"]
[Result "1-0"]
[WhiteElo "1770"]
[BlackElo "1474"]
[Annotator "NA RC"]
[PlyCount "39"]
[EventDate "2019.10.28"]
[EventType "team-tourn"]
[EventCountry "TUR"]
[SourceTitle "playchess.com"]
[Source "ChessBase"]
[SourceQuality "1"]

1. e4 c5 2. Nf3 g6 3. d4 cxd4 4. Nxd4 Nc6 5. Be3 Bg7 6. Nc3 Nf6 7. Bc4 O-O 8. f3 Qb6 9. Qd2 Nxe4 10. Nxe4 Nxd4 11. O-O Qxb2 12. Rfc1 e5 13. Rab1 Qa3 14. c3 d5 15. Bxd5 Rd8 16. Bxf7+ Kxf7 17. cxd4 exd4 18. Rc7+ Kg8 19. Bh6 Bxh6 20. Nf6+ 1-0

[Event "WY U-16 Chess Olympiad 2019"]
[Site "Corum"]
[Date "2019.10.30"]
[Round "2"]
[White "Foo, Jiu Weir Brien"]
[Black "Cheng, Amanda"]
[Result "1-0"]
[WhiteElo "1731"]
[BlackElo "1420"]
[Annotator "NA RC"]
[PlyCount "95"]
[EventDate "2019.10.28"]
[EventType "team-tourn"]
[EventCountry "TUR"]
[SourceTitle "playchess.com"]
[Source "ChessBase"]
[SourceQuality "1"]

1. e4 c5 2. Nf3 e6 3. d4 cxd4 4. Nxd4 Nf6 5. Nc3 Bb4 6. Bd3 d6 7. Nde2 O-O 8. O-O Nbd7 9. a3 Bc5 10. Na4 Qc7 11. b4 Bb6 12. Bb2 e5 13. c4 a6 14. Rc1 Rd8 15. Nec3 Qb8 16. Nd5 Nxd5 17. exd5 f6 18. Qh5 h6 19. c5 Ba7 20. c6 bxc6 21. dxc6 Qc7 22. cxd7 Qxd7 23. Bc4+ Kh8 24. Bb3 d5 25. Nc5 Bxc5 26. Rxc5 d4 27. Rfc1 a5 28. Rc7 Qe8 29. Qxe8+ Rxe8 30. b5 a4 31. Bxa4 Bf5 32. Bc2 d3 33. Bd1 e4 34. Bd4 Rxa3 35. Be3 Rd8 36. g4 Bg6 37. b6 d2 38. Bxd2 Rxd2 39. Rc8+ Kh7 40. b7 Rad3 41. b8=Q Rxd1+ 42. Rxd1 Rxd1+ 43. Kg2 Bf7 44. Rd8 Bd5 45. Rh8+ Kg6 46. Qe8+ Kg5 47. Qh5+ Kf4 48. Qf5# 1-0

[Event "WY U-16 Chess Olympiad 2019"]
[Site "Corum"]
[Date "2019.10.30"]
[Round "2"]
[White "de Jager, Andreas"]
[Black "Tantipura, Noppakorn"]
[Result "0-1"]
[WhiteElo "1728"]
[BlackElo "1851"]
[Annotator "NA RC"]
[PlyCount "62"]
[EventDate "2019.10.28"]
[EventType "team-tourn"]
[EventCountry "TUR"]
[SourceTitle "playchess.com"]
[Source "ChessBase"]
[SourceQuality "1"]

1. e4 e5 2. Nf3 Nc6 3. d4 exd4 4. Nxd4 Nf6 5. Nxc6 bxc6 6. e5 Qe7 7. Qe2 Nd5 8. c4 Ba6 9. b3 g6 10. Bb2 Bg7 11. Nd2 O-O 12. Qe4 Nb6 13. O-O-O d5 14. exd6 Bxb2+ 15. Kxb2 Qf6+ 16. Kc2 cxd6 17. Qf3 Qe5 18. Qxc6 Rfc8 19. Qe4 Qa5 20. Kb2 Rab8 21. Qc2 d5 22. a3 dxc4 23. b4 Nd5 24. Bxc4 Nxb4 25. axb4 Qxb4+ 26. Bb3 Rxc2+ 27. Kxc2 Rc8+ 28. Kb2 Be2 29. Nb1 Rb8 30. Nd2 a5 31. Rhe1 Bxd1 0-1

[Event "WY U-16 Chess Olympiad 2019"]
[Site "Corum"]
[Date "2019.10.30"]
[Round "2"]
[White "Garayev, Sadig"]
[Black "Mekarapiruk, Chawit"]
[Result "1-0"]
[WhiteElo "1723"]
[BlackElo "1657"]
[Annotator "NA RC"]
[PlyCount "109"]
[EventDate "2019.10.28"]
[EventType "team-tourn"]
[EventCountry "TUR"]
[SourceTitle "playchess.com"]
[Source "ChessBase"]
[SourceQuality "1"]

1. e4 c5 2. Nf3 d6 3. d4 cxd4 4. Nxd4 Nf6 5. Nc3 Nc6 6. Bg5 e6 7. Qd2 a6 8. O-O-O Bd7 9. f4 h6 10. Bh4 g5 11. fxg5 Ng4 12. Be2 Nge5 13. Nf3 Be7 14. Kb1 hxg5 15. Bg3 b5 16. Rhe1 Rc8 17. a3 Nxf3 18. gxf3 Ne5 19. f4 gxf4 20. Bxf4 Rb8 21. Rg1 a5 22. Rg3 Qc7 23. Bxe5 dxe5 24. Rdg1 Rxh2 25. Rg8+ Bf8 26. Qg5 Qc5 27. Bh5 Rf2 28. Rxf8+ Qxf8 29. Qxe5 Rb7 30. Nd5 b4 31. axb4 axb4 32. Nf6+ Rxf6 33. Qxf6 Bc8 34. Rd1 Bd7 35. Rh1 Bc8 36. Bg6 fxg6 37. Rh8 Rf7 38. Rxf8+ Rxf8 39. Qxg6+ Ke7 40. e5 Bd7 41. Qg4 Rf5 42. Qxb4+ Ke8 43. c4 Kf7 44. Qd6 Ba4 45. Ka2 Rf3 46. Qb8 Kg6 47. c5 Kf5 48. b4 Bb3+ 49. Kb2 Bd5 50. b5 Rf2+ 51. Kc3 Rf3+ 52. Kb4 Rf4+ 53. Ka5 Re4 54. c6 Rxe5 55. c7 1-0

[Event "WY U-16 Chess Olympiad 2019"]
[Site "Corum"]
[Date "2019.10.30"]
[Round "2"]
[White "Chuemsakul, Sarocha"]
[Black "Schonken, Christina"]
[Result "1-0"]
[WhiteElo "1645"]
[BlackElo "1166"]
[Annotator "NA RC"]
[PlyCount "84"]
[EventDate "2019.10.28"]
[EventType "team-tourn"]
[EventCountry "TUR"]
[SourceTitle "playchess.com"]
[Source "ChessBase"]
[SourceQuality "1"]

1. d4 d5 2. c4 e6 3. Nf3 Nf6 4. g3 Be7 5. Bg2 Nbd7 6. O-O O-O 7. Qc2 c5 8. Rd1 Ne4 9. dxc5 Bxc5 10. e3 Ndf6 11. Nbd2 Qe7 12. Nxe4 Nxe4 13. cxd5 exd5 14. Rxd5 Bd6 15. Rd4 Nf6 16. b3 Bd7 17. Bb2 Rac8 18. Qd1 Bc5 19. Rd2 Be6 20. Ng5 Rfd8 21. Nxe6 Rxd2 22. Qxd2 Qxe6 23. Bxb7 Re8 24. b4 Bb6 25. Bxf6 Qxf6 26. Rc1 h6 27. a4 Qe7 28. Bg2 Rd8 29. Qc3 Bxe3 30. fxe3 Re8 31. e4 Qe5 32. Qxe5 Rxe5 33. Rc8+ Kh7 34. Rc7 a6 35. Rxf7 Kg6 36. Rd7 Kf6 37. Rd6+ Kf7 38. Rxa6 Re7 39. Rc6 Kf8 40. a5 Rd7 41. a6 Rd1+ 42. Kf2 Rd2+ 1-0

[Event "WY U-16 Chess Olympiad 2019"]
[Site "Corum"]
[Date "2019.10.30"]
[Round "2"]
[White "Burbach, Brunel Baron"]
[Black "Mammadov, Sadig"]
[Result "0-1"]
[WhiteElo "1642"]
[BlackElo "2216"]
[Annotator "TA"]
[PlyCount "44"]
[EventDate "2019.10.28"]
[EventType "team-tourn"]
[EventCountry "TUR"]
[SourceTitle "playchess.com"]
[Source "ChessBase"]
[SourceQuality "1"]

1. e4 e6 2. Nf3 d5 3. e5 c5 4. b4 cxb4 5. a3 bxa3 6. d4 Nc6 7. c3 Bd7 8. Bd3 Nh6 9. Nxa3 Nf5 10. O-O Be7 11. g4 Nh4 12. Nxh4 Bxh4 13. f4 Be7 14. f5 a6 15. Nc2 Rc8 16. Ne3 Qb6 17. fxe6 Bxe6 18. Bf5 O-O 19. Rb1 Qa7 20. Kh1 b5 21. Qf3 Qd7 22. h4 a5 0-1

[Event "WY U-16 Chess Olympiad 2019"]
[Site "Corum"]
[Date "2019.10.30"]
[Round "2"]
[White "Dahampriya, H K T Dewnethmie"]
[Black "Srdanovic, Jovana"]
[Result "0-1"]
[WhiteElo "1629"]
[BlackElo "2100"]
[Annotator "TA"]
[PlyCount "98"]
[EventDate "2019.10.28"]
[EventType "team-tourn"]
[EventCountry "TUR"]
[SourceTitle "playchess.com"]
[Source "ChessBase"]
[SourceQuality "1"]

1. e4 c5 2. Nf3 e6 3. d4 cxd4 4. Nxd4 Nc6 5. c4 Nf6 6. Nc3 Bb4 7. Nxc6 bxc6 8. Bd3 e5 9. O-O Bc5 10. Qe2 d6 11. Be3 Nd7 12. Na4 Bd4 13. Rad1 O-O 14. Bc2 c5 15. f4 Rb8 16. b3 Qe7 17. Rde1 Bb7 18. Kh1 Bc6 19. Bxd4 cxd4 20. Nb2 a5 21. Qd2 Nc5 22. f5 Nd7 23. Rf3 Qf6 24. a3 h6 25. b4 axb4 26. axb4 Ra8 27. b5 Bb7 28. Na4 Rfc8 29. Qb4 Rc7 30. Bd3 Qd8 31. Rff1 Rcc8 32. Ra1 Nf6 33. Rfe1 Ng4 34. Kg1 Qh4 35. h3 Nf2 36. Qb1 Nxd3 37. Qxd3 Rxa4 38. Rxa4 Qxe1+ 39. Kh2 Qxe4 40. Qd2 Qxf5 41. Kg1 Qe4 42. b6 Qc6 43. Rb4 Ra8 44. Qb2 d3 45. Kh2 d5 46. cxd5 Qxd5 47. Rb5 Qd6 48. Qd2 e4+ 49. g3 e3 0-1

[Event "WY U-16 Chess Olympiad 2019"]
[Site "Corum"]
[Date "2019.10.30"]
[Round "2"]
[White "Aman Deepak Thadani"]
[Black "Cheah, Kah Hoe"]
[Result "0-1"]
[WhiteElo "1627"]
[BlackElo "1815"]
[Annotator "NA RC"]
[PlyCount "110"]
[EventDate "2019.10.28"]
[EventType "team-tourn"]
[EventCountry "TUR"]
[SourceTitle "playchess.com"]
[Source "ChessBase"]
[SourceQuality "1"]

1. d4 d5 2. c4 c6 3. cxd5 cxd5 4. Nc3 Nf6 5. f3 Nc6 6. e4 dxe4 7. d5 Ne5 8. fxe4 e6 9. Bb5+ Bd7 10. Qb3 exd5 11. Bg5 Bxb5 12. Qxb5+ Qd7 13. Bxf6 gxf6 14. Qxd7+ Nxd7 15. Nxd5 O-O-O 16. Rc1+ Kb8 17. Rd1 Bc5 18. b4 Bb6 19. Nf3 Rhe8 20. Nxb6 Nxb6 21. Rxd8+ Rxd8 22. O-O Rd3 23. e5 Nd7 24. exf6 h6 25. g4 Rd5 26. h4 Nxf6 27. Ne5 Rxe5 28. Rxf6 Re4 29. Rxh6 Rxg4+ 30. Kf2 Rxb4 31. h5 Rb2+ 32. Kg3 Rxa2 33. Rh8+ Kc7 34. h6 Ra1 35. Rh7 Rf1 36. Rg7 a5 37. h7 Rh1 38. Rxf7+ Kc6 39. Kg4 b5 40. Rf6+ Kb7 41. Rf5 Rxh7 42. Rxb5+ Ka6 43. Rb1 Rf7 44. Rb8 a4 45. Rb1 Ka5 46. Rb8 a3 47. Ra8+ Kb4 48. Rb8+ Ka4 49. Ra8+ Kb3 50. Rb8+ Kc2 51. Rc8+ Kb2 52. Rb8+ Ka1 53. Kg3 Rf1 54. Kg2 Rb1 55. Ra8 a2 0-1